Loading...

Albrecht Dürer - die drei großen Bücher : Ausstellung im Germanischen Nationalmuseum vom 17.9.1982 bis 31.1.1983

Saved in:
Bibliographic Details
Published in:Monatsanzeiger 19(1982), Seite 149-150
Main Author: Schoch, Rainer (Author)
Document Type: Online Resource Article
Language:German
Published: 1982
Online Access:kostenfrei
kostenfrei
Related Items:In: Monatsanzeiger
Author Notes:Rainer Schoch
LEADER 01751caa a2200397 c 4500
001 150533215X
003 DE-627
005 20260505171851.0
007 cr cn 008aaaaa
008 150713s1982 xx |||||o 00| ||ger c
024 7 |a urn:nbn:de:bsz:16-ma-218485  |2 urn 
024 7 |a 10.11588/ma.1982.19.21848  |2 doi 
035 |a (DE-627)150533215X 
035 |a (DE-576)435332155 
035 |a (DE-599)BSZ435332155 
035 |a (OCoLC)1223971722 
040 |a DE-627  |b ger  |c DE-627  |e rakwb 
041 |a ger 
084 |a 9,10  |2 ssgn 
100 1 |a Schoch, Rainer  |d 1943-2026  |0 (DE-588)1042951837  |0 (DE-627)76988198X  |0 (DE-576)162954174  |4 aut 
245 1 0 |a Albrecht Dürer - die drei großen Bücher  |b Ausstellung im Germanischen Nationalmuseum vom 17.9.1982 bis 31.1.1983  |c Rainer Schoch 
264 1 |c 1982 
300 |b Ill. 
336 |a Text  |b txt  |2 rdacontent 
337 |a Computermedien  |b c  |2 rdamedia 
338 |a Online-Ressource  |b cr  |2 rdacarrier 
533 |a Online-Ausg.  |b Heidelberg  |c Univ.-Bibl.  |d 2015  |e Online-Ressource  |7 |2015|||||||||| 
583 1 |a Archivierung/Langzeitarchivierung gewährleistet  |x XA-DE-BW  |2 pdager  |5 DE-16 
773 0 8 |i In  |a Germanisches Nationalmuseum  |t Monatsanzeiger  |d Nürnberg : Germanisches Nationalmuseum, 1981  |g 19(1982), Seite 149-150  |h Online-Ressource  |w (DE-627)828841381  |w (DE-600)2825436-3  |w (DE-576)434120634  |x 2366-9209  |7 nnas 
773 1 8 |g volume:19  |g year:1982  |g pages:149-150 
856 4 0 |u http://nbn-resolving.de/urn:nbn:de:bsz:16-ma-218485  |x Verlag  |x Resolving-System  |z kostenfrei  |3 Volltext  |7 0 
856 4 0 |u http://dx.doi.org/10.11588/ma.1982.19.21848  |x Verlag  |x Resolving-System  |z kostenfrei  |3 Volltext  |7 0 
912 |a ZDB-282-AAE-article 
935 |h SWB  |i ld 
951 |a AR 
999 |a KXP-PPN150533215X  |e 293027610X